|
|
|
|
| LEADER |
00000cam a2200000 c 4500 |
| 001 |
1024133168 |
| 003 |
DE-627 |
| 005 |
20230718120945.0 |
| 007 |
tu |
| 008 |
180607s2018 gw ||||| 00| ||ger c |
| 015 |
|
|
|a 18,N23
|2 dnb
|
| 016 |
7 |
|
|a 1160401705
|2 DE-101
|
| 020 |
|
|
|a 9783782213219
|c Broschur : circa EUR 14.95 (DE), circa EUR 15.40 (AT), circa CHF 20.90 (freier Preis)
|9 978-3-7822-1321-9
|
| 024 |
3 |
|
|a 9783782213219
|
| 035 |
|
|
|a (DE-627)1024133168
|
| 035 |
|
|
|a (DE-599)DNB1160401705
|
| 035 |
|
|
|a (OCoLC)1060278062
|
| 040 |
|
|
|a DE-627
|b ger
|c DE-627
|e rda
|
| 041 |
|
|
|a ger
|
| 044 |
|
|
|c XA-DE-HH
|
| 082 |
0 |
4 |
|a 830
|a B
|q DE-101
|
| 084 |
|
|
|a Zba
|2 asb
|
| 084 |
|
|
|a ZAA
|2 ssd
|
| 084 |
|
|
|a S
|2 sfb
|
| 084 |
|
|
|a R 11
|2 kab
|
| 084 |
|
|
|a 17.97
|2 bkl
|
| 084 |
|
|
|a 18.10
|2 bkl
|
| 100 |
1 |
|
|a Ertel, Manfred
|d 1950-
|e VerfasserIn
|0 (DE-588)1115264028
|0 (DE-627)869652354
|0 (DE-576)477699464
|4 aut
|
| 109 |
|
|
|a Ertel, Manfred 1950-
|
| 245 |
1 |
0 |
|a Foulspieler
|b Fußball ist ein Mordsgeschäft : ein Hamburg-Krimi
|c Manfred Ertel
|
| 264 |
|
1 |
|a [Hamburg]
|b Koehler
|c [2018]
|
| 300 |
|
|
|a 328 Seiten
|c 21 cm x 13 cm
|
| 336 |
|
|
|a Text
|b txt
|2 rdacontent
|
| 337 |
|
|
|a ohne Hilfsmittel zu benutzen
|b n
|2 rdamedia
|
| 338 |
|
|
|a Band
|b nc
|2 rdacarrier
|
| 655 |
|
7 |
|a Fiktionale Darstellung
|0 (DE-588)1071854844
|0 (DE-627)82648378X
|0 (DE-576)43337439X
|2 gnd-content
|
| 689 |
0 |
0 |
|d g
|0 (DE-588)4023118-5
|0 (DE-627)106305433
|0 (DE-576)20894754X
|a Hamburg
|2 gnd
|
| 689 |
0 |
1 |
|d s
|0 (DE-588)4144779-7
|0 (DE-627)105595780
|0 (DE-576)209736496
|a Berufsfußball
|2 gnd
|
| 689 |
0 |
2 |
|d s
|0 (DE-588)4043830-2
|0 (DE-627)104189177
|0 (DE-576)209057513
|a Organisiertes Verbrechen
|2 gnd
|
| 689 |
0 |
|
|5 (DE-627)
|
| 710 |
2 |
|
|a Koehlers Verlagsgesellschaft mbH
|e Verlag
|0 (DE-588)1065103549
|0 (DE-627)816000212
|0 (DE-576)424788225
|4 pbl
|
| 935 |
|
|
|a mkri
|
| 936 |
b |
k |
|a 17.97
|j Texte eines einzelnen Autors
|0 (DE-627)181571714
|
| 936 |
b |
k |
|a 18.10
|j Deutsche Literatur
|0 (DE-627)106405047
|
| 951 |
|
|
|a BO
|
| ELC |
|
|
|b 1
|
| LOK |
|
|
|0 000 xxxxxcx a22 zn 4500
|
| LOK |
|
|
|0 001 3684262773
|
| LOK |
|
|
|0 003 DE-627
|
| LOK |
|
|
|0 004 1024133168
|
| LOK |
|
|
|0 005 20200610142400
|
| LOK |
|
|
|0 008 200608||||||||||||||||ger|||||||
|
| LOK |
|
|
|0 040
|a DE-Frei85
|c DE-627
|d DE-Frei85
|
| LOK |
|
|
|0 852
|a DE-Frei85
|
| LOK |
|
|
|0 852 1
|m p
|9 00
|
| LOK |
|
|
|0 938
|k p
|
| LOK |
|
|
|0 939
|a 08-06-20
|b l01
|
| ORI |
|
|
|a SA-MARC-krimdoka001.raw
|